000 01116nam a2200217Ia 4500
999 _c39239
_d39239
003 OSt
005 20201018211129.0
008 160316s2014 xxu||||| |||| 00| 0 eng d
020 _a9780198713203
040 _cnls
082 _a341.522000
_bROG
100 _aRogers Catherine A
245 _aEthics in international arbitration
260 _aOxford
_bOxford University Press
_c2014
300 _a386p
_cxv
365 _b Rs. 3,322
505 _aContents: Introduction -- From an invisible college to an ethical No-Man's Land -- Arbitrators, barbers, and taxidermists -- Attorneys, barbarians, and guerrillas -- Experts, partisans, and hired guns -- Gamblers, loan sharks, and third-party funders -- Chanticleer, the fox and self-regualtion -- Ariadne's thread and the functional thesis -- Herodotian myths and the impartiality of arbitrators -- Duck-rabbits, a panel of monkeys, and the status of international arbitrators -- Castles in the air and the future of ethics in international arbitration
650 _a1. Arbitrators - Legal Status 2. Legal Ethics
700 _a
_a
942 _2ddc
_cBK